| 000 | 01125nam a2200325 i 4500 | ||
|---|---|---|---|
| 003 | EG-ScBUE | ||
| 005 | 20230521115614.0 | ||
| 008 | 180324s2007 mx a f 000 0 eng d | ||
| 040 |
_aEG-ScBUE _beng _erda _cEG-ScBUE _dEG-ScBUE |
||
| 041 | 1 |
_aeng _hspa |
|
| 043 | _an-mx--- | ||
| 082 | 0 | 4 |
_a745.0972 _bART _222 |
| 110 | 2 | _aMuseo de Arte Popular (Mexico City, Mexico) | |
| 240 | 1 | 0 |
_aArte del pueblo. _lEnglish |
| 245 | 0 | 0 |
_aArt of the people, hands of God : _bthe collection of the Museo de Arte popular. |
| 264 | 1 |
_aMexico : _bLanducci, _c[2007] |
|
| 300 |
_a607 pages : _bforms ; _c30 cm |
||
| 336 |
_2rdacontent _atext _btxt |
||
| 337 |
_2rdamedia _aunmediated _bn |
||
| 338 |
_2rdacarrier _avolume _bnc |
||
| 546 | _aText in English ; translation from original Spanish. | ||
| 610 | 2 | 7 |
_aMuseo de Arte Popular (Mexico City, Mexico) _vCatalogs. _2BUEsh |
| 650 | 7 |
_aFolk art _zMexico _vCatalogs. _2BUEsh |
|
| 650 | 7 |
_aArt _zMexico _zMexico City _vCatalogs. _2BUEsh |
|
| 651 | _2BUEsh | ||
| 653 |
_bGGEN _cMarch2018 |
||
| 655 | _vReading book | ||
| 942 |
_2ddc _cBB |
||
| 999 |
_c26391 _d26363 |
||